000 00593nam a22001937a 4500
005 20180731112857.0
010 _aENG-123630
020 _c499.00
_a9789387693449
035 _aEN-107162
037 _bDBAD/PUB.
082 _a355.0218082
100 _aSaksena, Rashmi
245 _aShe goes to war:
_cby Rashmi Saksena,
_bwomen militants of india /
260 _aNew Delhi
_bSpeaking Tiger
_c2018
270 _a4381/4, Ansari Road, Daryaganj
_bNew Delhi
_e110002
300 _a205p.
_b21cm(Hb)
500 _aIt includes acknowledge
942 _2ddc
_cEN
_h355.0218082
_mSAK
999 _c155182
_d155182